00320nam a2200109Ia 4500008004100000082001700041100004000058245005700098250001600155260003000171300000900201210430s9999 xx 000 0 und d a669.9 H641 P aRobert E.Reed-Hill, Reza Abbaschian aPhysical Metallurgy Principles /cRobert E.Reed-Hill a3rd edition aHong kongbCengage c1994 a926p